[Event "2nd Kalyan Dombivali 2019"]
[Site "Kalyan"]
[Date "2019.02.02"]
[Round "8"]
[White "Shrey Nilkant"]
[Black "Sparsh Khandelwal"]
[Result "0-1"]
[WhiteElo "1371"]
[BlackElo "1823"]
[Annotator "NA RC"]
[PlyCount "57"]
[EventDate "2019.01.28"]
[EventType "swiss"]
[EventRounds "10"]
[EventCountry "IND"]
[SourceTitle "playchess.com"]
[Source "ChessBase"]
[SourceQuality "1"]
[TimeControl "5400+30"]

{[%evp 14,57,-7,-24,-11,-24,-22,-35,-19,-33,-35,-37,-38,-54,-41,-47,-44,-63,-43,-91,-54,-102,-91,-94,-85,-104,-90,-104,-88,-119,-60,-73,-61,-78,-54,-97,0,-16,-18,0,0,0,-23,-589,-610,-592]} 1. e4 {[%emt 0:00:36]} c5 {[%emt 0:03:40]} 2. Nc3 {[%emt 0:01:41]} g6 {[%emt 0:00:09]} 3. f4 {[%emt 0:00:06]} Bg7 {[%emt 0:00:05]} 4. Nf3 {[%emt 0:00:04]} Nc6 {[%emt 0:00:04]} 5. Bb5 {[%emt 0:00:14]} Nd4 {[%emt 0:00:09]} 6. O-O {[%emt 0:00:20]} a6 {[%emt 0:00:41]} 7. Be2 {[%emt 0:02:42]} d6 {[%emt 0:00:36]} 8. d3 {[%emt 0:01:21]} e6 {[%emt 0:01:06]} 9. Nxd4 {[%emt 0:08:43]} cxd4 {[%emt 0:00:37]} 10. Nb1 $1 {[%emt 0:00:38]} Ne7 {[%emt 0:03:37]} 11. Nd2 {[%emt 0:01:37]} O-O {[%emt 0:01:51]} 12. g3 {[%emt 0:04:50]} Bd7 {[%emt 0:05:37]} 13. Bf3 {[%emt 0:02:14]} Qc7 {[%emt 0:01:34]} 14. Rf2 {[%emt 0:06:49]} Rfc8 {[%emt 0:00:42]} 15. Nf1 {[%emt 0:00:46]} a5 {[%emt 0:03:40]} 16. b3 {[%emt 0:07:22]} Ra6 {[%emt 0:04:38]} 17. Qe1 {[%emt 0:15:31]} Nc6 {[%emt 0:08:20]} 18. Bd2 {[%emt 0:11:50]} Na7 {[%emt 0:01:49]} 19. g4 {[%emt 0:07:55]} a4 {[%emt 0:05:00]} 20. Ng3 {[%emt 0:14:59]} Nb5 {[%emt 0:06:54]} 21. e5 {[%emt 0:03:54]} d5 {[%emt 0:02:24]} (21... dxe5 $17 22. fxe5 Bc6) 22. Bb4 {[%emt 0:01:16]} Bf8 {[%emt 0:02:29]} 23. Bxf8 {[%emt 0:00:24]} Rxf8 {[%emt 0:00:04]} 24. f5 {[%emt 0:00:18]} (24. Kg2 $15) 24... Qc3 {[%emt 0:00:21]} ({Worse is} 24... gxf5 25. Nh5 $16) (24... axb3 $17 25. cxb3 Rfa8) 25. Qc1 {[%emt 0:01:03]} axb3 {[%emt 0:03:03] [#]} 26. Nh5 $1 {[%emt 0:01:21]} exf5 {[%emt 0:06:59]} ({Worse is} 26... b2 {[#]} 27. Qh6 $3 {[%mdl 512]} bxa1=Q+ 28. Rf1 gxh5 29. f6 Qxf1+ {[%mdl 64] Remove Defender} 30. Kxf1 Qa1+ 31. Kg2 Qh1+ 32. Kxh1 hxg4 33. Qg7#) (26... gxh5 $5 27. Qg5+ $8 {[%mdl 64] Double Attack} Kh8 28. Qf6+ Kg8 29. Qg5+ {[%mdl 64] Double Attack} Kh8 30. Qf6+ Kg8 31. Qg5+ $11 {[%mdl 64] Double Attack}) 27. Nf6+ $1 {[%emt 0:01:00]} Kg7 $1 {[%emt 0:00:04]} 28. Nxd5 $19 (28. cxb3 $11 {and White stays safe.} Qxc1+ 29. Rxc1) 28... b2 {[%emt 0:00:09] Double Attack} 29. Nxc3 {[%emt 0:04:20]} 0-1

[Event "2nd Kalyan Dombivali 2019"]
[Site "Kalyan"]
[Date "2019.02.02"]
[Round "8"]
[White "Lad Mandar Pradip"]
[Black "Shivshankar Iyer S"]
[Result "1-0"]
[WhiteElo "1364"]
[BlackElo "1619"]
[Annotator "NA RC"]
[PlyCount "71"]
[EventDate "2019.01.28"]
[EventType "swiss"]
[EventRounds "10"]
[EventCountry "IND"]
[SourceTitle "playchess.com"]
[Source "ChessBase"]
[SourceQuality "1"]
[TimeControl "5400+30"]

1. d4 {[%emt 0:00:46]} d5 {[%emt 0:00:00]} 2. c4 {[%emt 0:00:17]} e6 {[%emt 0:00:00]} 3. Nc3 {[%emt 0:00:32]} Nf6 {[%emt 0:00:00]} 4. Bg5 {[%emt 0:00:05]} Be7 {[%emt 0:00:00]} 5. e3 {[%emt 0:00:03]} Nbd7 {[%emt 0:00:20]} 6. Nf3 {[%emt 0:01:12]} O-O {[%emt 0:00:07]} 7. Bd3 {[%emt 0:02:57]} c5 {[%emt 0:01:57]} 8. O-O {[%emt 0:01:43]} cxd4 {[%emt 0:00:42]} 9. exd4 {[%emt 0:12:12]} dxc4 {[%emt 0:00:55]} 10. Bxc4 {[%emt 0:00:07]} b6 {[%emt 0:00:01]} 11. d5 {[%emt 0:01:52]} Nc5 {[%emt 0:02:02]} 12. Re1 {[%emt 0:30:54]} a5 {[%emt 0:13:11]} 13. Nd4 {[%emt 0:10:20]} Bd7 {[%emt 0:26:39]} 14. dxe6 {[%emt 0:05:32]} fxe6 {[%emt 0:01:08]} 15. Nxe6 {[%emt 0:05:39]} Bxe6 {[%emt 0:00:09]} 16. Bxe6+ {[%emt 0:00:08]} Nxe6 {[%emt 0:00:30]} 17. Rxe6 {[%emt 0:00:12]} Bc5 {[%emt 0:02:15]} 18. Qxd8 {[%emt 0:02:34]} Raxd8 {[%emt 0:00:05]} 19. Bxf6 {[%emt 0:00:22]} Rxf6 {[%emt 0:03:26]} 20. Rxf6 {[%emt 0:00:06]} gxf6 {[%emt 0:00:05]} 21. Rd1 {[%emt 0:01:15]} Rxd1+ {[%emt 0:01:30]} 22. Nxd1 {[%emt 0:00:05]} Kf7 {[%emt 0:01:09]} 23. Kf1 {[%emt 0:00:21]} Ke6 {[%emt 0:00:16]} 24. Ke2 {[%emt 0:00:15]} Ke5 {[%emt 0:00:22]} 25. Kd3 {[%emt 0:01:42]} b5 {[%emt 0:00:26]} 26. g3 {[%emt 0:01:52]} Bd4 {[%emt 0:00:47]} 27. a3 {[%emt 0:01:39]} f5 {[%emt 0:00:06]} 28. f4+ {[%emt 0:00:51]} Kd5 {[%emt 0:00:10]} 29. Ne3+ {[%emt 0:04:12]} Bxe3 {[%emt 0:01:13]} 30. Kxe3 {[%emt 0:00:04]} h5 {[%emt 0:00:05]} 31. b3 {[%emt 0:02:56]} Kc5 {[%emt 0:00:42]} 32. Kd3 {[%emt 0:02:37]} Kd5 {[%emt 0:00:35]} 33. b4 {[%emt 0:00:44]} a4 {[%emt 0:04:17]} 34. h3 {[%emt 0:01:02]} Ke6 {[%emt 0:00:05]} 35. Kd4 {[%emt 0:00:05]} Kd6 {[%emt 0:00:05]} 36. h4 {[%emt 0:00:10]} 1-0

[Event "2nd Kalyan Dombivali 2019"]
[Site "Kalyan"]
[Date "2019.02.02"]
[Round "8"]
[White "Pethe Varad"]
[Black "Kshatriya Nitin Vekhande"]
[Result "1/2-1/2"]
[WhiteElo "1359"]
[BlackElo "1544"]
[Annotator "NA RC"]
[PlyCount "132"]
[EventDate "2019.01.28"]
[EventType "swiss"]
[EventRounds "10"]
[EventCountry "IND"]
[SourceTitle "playchess.com"]
[Source "ChessBase"]
[SourceQuality "1"]
[TimeControl "5400+30"]

1. d4 {[%emt 0:00:00]} Nf6 {[%emt 0:00:00]} 2. c4 {[%emt 0:00:00]} e5 {[%emt 0:00:00]} 3. dxe5 {[%emt 0:00:07]} Ng4 {[%emt 0:00:00]} 4. Nf3 {[%emt 0:00:11]} Nc6 {[%emt 0:00:01]} 5. Bf4 {[%emt 0:00:25]} Bb4+ {[%emt 0:00:08]} 6. Nc3 {[%emt 0:00:52]} Qe7 {[%emt 0:00:10]} 7. Qd5 {[%emt 0:00:46]} f6 {[%emt 0:00:45]} 8. exf6 {[%emt 0:04:51]} Bxc3+ {[%emt 0:00:27]} 9. bxc3 {[%emt 0:00:13]} Nxf6 {[%emt 0:00:43]} 10. Qd3 {[%emt 0:03:02]} d6 {[%emt 0:00:12]} 11. e3 {[%emt 0:00:39]} O-O {[%emt 0:00:22]} 12. Be2 {[%emt 0:00:17]} Ne4 {[%emt 0:00:09]} 13. O-O {[%emt 0:01:59]} Bf5 {[%emt 0:00:16]} 14. Qd5+ {[%emt 0:02:15]} Kh8 {[%emt 0:00:43]} 15. Rac1 {[%emt 0:01:27]} Nc5 {[%emt 0:16:02]} 16. Nd4 {[%emt 0:03:09]} Be4 {[%emt 0:01:35]} 17. Qg5 {[%emt 0:02:06]} Qf7 {[%emt 0:07:33]} 18. Rfd1 {[%emt 0:07:43]} Nxd4 {[%emt 0:10:51]} 19. cxd4 {[%emt 0:01:15]} Ne6 {[%emt 0:00:05]} 20. Qg4 {[%emt 0:05:01]} Nxf4 {[%emt 0:00:26]} 21. exf4 {[%emt 0:01:07]} Qxf4 {[%emt 0:00:54]} 22. Qxf4 {[%emt 0:01:24]} Rxf4 {[%emt 0:00:08]} 23. Bd3 {[%emt 0:01:31]} Bxd3 {[%emt 0:01:17]} 24. Rxd3 {[%emt 0:00:02]} Re8 {[%emt 0:00:27]} 25. g3 {[%emt 0:01:24]} Rfe4 {[%emt 0:00:16]} 26. Rcd1 {[%emt 0:01:25]} Re2 {[%emt 0:01:27]} 27. R3d2 {[%emt 0:01:04]} Rxd2 {[%emt 0:02:18]} 28. Rxd2 {[%emt 0:00:02]} Re1+ {[%emt 0:00:44]} 29. Kg2 {[%emt 0:00:08]} Kg8 {[%emt 0:02:04]} 30. Rb2 {[%emt 0:01:54]} b6 {[%emt 0:00:19]} 31. c5 {[%emt 0:01:44]} Rd1 {[%emt 0:04:47]} 32. cxb6 {[%emt 0:01:11]} cxb6 {[%emt 0:03:07]} 33. Rb4 {[%emt 0:00:24]} Rd2 {[%emt 0:01:15]} 34. a4 {[%emt 0:00:22]} Kf7 {[%emt 0:00:44]} 35. Kf3 {[%emt 0:01:43]} Ke6 {[%emt 0:00:18]} 36. Ke3 {[%emt 0:00:55]} Ra2 {[%emt 0:00:53]} 37. h4 {[%emt 0:00:41]} a5 {[%emt 0:02:39]} 38. Rxb6 {[%emt 0:00:30]} Rxa4 {[%emt 0:00:07]} 39. Rb7 {[%emt 0:00:56]} Kf6 {[%emt 0:12:01]} 40. Rd7 {[%emt 0:00:31]} Ra1 {[%emt 0:00:13]} 41. Rxd6+ {[%emt 0:00:13]} Kf7 {[%emt 0:00:03]} 42. Ra6 {[%emt 0:01:47]} a4 {[%emt 0:00:30]} 43. d5 {[%emt 0:03:54]} a3 {[%emt 0:01:08]} 44. Kf4 {[%emt 0:01:13]} a2 {[%emt 0:01:17]} 45. f3 {[%emt 0:01:21]} Rd1 {[%emt 0:00:56]} 46. Rxa2 {[%emt 0:01:07]} Rxd5 {[%emt 0:00:08]} 47. Ra7+ {[%emt 0:02:01]} Kf6 {[%emt 0:00:05]} 48. Ra6+ {[%emt 0:00:24]} Kf7 {[%emt 0:00:04]} 49. Ke4 {[%emt 0:00:10]} Rb5 {[%emt 0:00:04]} 50. Rd6 {[%emt 0:01:08]} Ra5 {[%emt 0:00:23]} 51. Rd5 {[%emt 0:02:18]} Ra1 {[%emt 0:00:34]} 52. Kf5 {[%emt 0:00:44]} Ra6 {[%emt 0:00:41]} 53. Rd7+ {[%emt 0:00:21]} Kg8 {[%emt 0:00:26]} 54. f4 {[%emt 0:01:10]} h6 {[%emt 0:00:33]} 55. g4 {[%emt 0:01:55]} Kh7 {[%emt 0:01:06]} 56. Re7 {[%emt 0:02:12]} Rf6+ {[%emt 0:00:49]} 57. Ke5 {[%emt 0:00:14]} Ra6 {[%emt 0:02:10]} 58. g5 {[%emt 0:02:21]} hxg5 {[%emt 0:00:24]} 59. hxg5 {[%emt 0:00:21]} Ra5+ {[%emt 0:00:06]} 60. Ke6 {[%emt 0:02:30]} Kg6 {[%emt 0:09:39]} 61. f5+ {[%emt 0:00:55]} Rxf5 {[%emt 0:00:21]} 62. Rxg7+ {[%emt 0:00:09]} Kxg7 {[%emt 0:00:05]} 63. Kxf5 {[%emt 0:00:04]} Kf7 {[%emt 0:00:04]} 64. g6+ {[%emt 0:00:33]} Kg7 {[%emt 0:00:04]} 65. Kg5 {[%emt 0:00:04]} Kg8 {[%emt 0:00:05]} 66. Kh6 {[%emt 0:00:45]} Kh8 {[%emt 0:00:34]} 1/2-1/2

[Event "2nd Kalyan Dombivali 2019"]
[Site "Kalyan"]
[Date "2019.02.02"]
[Round "8"]
[White "Manthan Vijayrao Kale"]
[Black "Awade Pradeep"]
[Result "0-1"]
[WhiteElo "1228"]
[BlackElo "1538"]
[Annotator "NA"]
[PlyCount "88"]
[EventDate "2019.01.28"]
[EventType "swiss"]
[EventRounds "10"]
[EventCountry "IND"]
[SourceTitle "playchess.com"]
[Source "ChessBase"]
[SourceQuality "1"]
[TimeControl "5400+30"]

1. e4 {[%emt 0:00:00]} g6 {[%emt 0:06:28]} 2. d4 {[%emt 0:00:00]} Bg7 {[%emt 0:00:04]} 3. Nf3 {[%emt 0:00:39]} d6 {[%emt 0:00:02]} 4. Bc4 {[%emt 0:00:55]} Nf6 {[%emt 0:00:44]} 5. Nc3 {[%emt 0:02:29]} c6 {[%emt 0:01:20]} 6. e5 {[%emt 0:05:51]} dxe5 {[%emt 0:00:37]} 7. dxe5 {[%emt 0:00:22]} Qxd1+ {[%emt 0:01:12]} 8. Kxd1 {[%emt 0:00:07]} Ng4 {[%emt 0:01:26]} 9. Rf1 {[%emt 0:01:23]} Nxe5 {[%emt 0:00:49]} 10. Nxe5 {[%emt 0:01:46]} Bxe5 {[%emt 0:00:03]} 11. Re1 {[%emt 0:00:40]} Nd7 {[%emt 0:17:56]} 12. Ne4 {[%emt 0:07:40]} O-O {[%emt 0:02:39]} 13. c3 {[%emt 0:03:01]} Nb6 {[%emt 0:04:45]} 14. Bb3 {[%emt 0:01:22]} Rd8+ {[%emt 0:02:15]} 15. Ke2 {[%emt 0:01:31]} Bf5 {[%emt 0:02:22]} 16. Kf1 {[%emt 0:00:39]} Bxe4 {[%emt 0:25:11]} 17. Rxe4 {[%emt 0:00:57]} Bf6 {[%emt 0:00:16]} 18. Be3 {[%emt 0:04:00]} Nd5 {[%emt 0:03:25]} 19. Bd4 {[%emt 0:02:48]} Bxd4 {[%emt 0:00:47]} 20. Rxd4 {[%emt 0:00:27]} Nf6 {[%emt 0:02:40]} 21. Rad1 {[%emt 0:01:02]} Rxd4 {[%emt 0:00:08]} 22. Rxd4 {[%emt 0:00:10]} Kf8 {[%emt 0:00:30]} 23. Ke2 {[%emt 0:01:34]} e6 {[%emt 0:00:01]} 24. Rd3 {[%emt 0:05:14]} Ke7 {[%emt 0:00:20]} 25. h3 {[%emt 0:00:29]} Rd8 {[%emt 0:00:26]} 26. Re3 {[%emt 0:00:21]} Nd5 {[%emt 0:00:23]} 27. Bxd5 {[%emt 0:00:13]} Rxd5 {[%emt 0:00:18]} 28. g4 {[%emt 0:00:30]} Kd6 {[%emt 0:03:31]} 29. f4 {[%emt 0:05:04]} c5 {[%emt 0:04:00]} 30. h4 {[%emt 0:05:35]} h5 {[%emt 0:01:01]} 31. c4 {[%emt 0:03:21]} Rd4 {[%emt 0:00:38]} 32. gxh5 {[%emt 0:00:07]} gxh5 {[%emt 0:00:14]} 33. Rd3 {[%emt 0:01:20]} Rxd3 {[%emt 0:01:00]} 34. Kxd3 {[%emt 0:00:11]} f5 {[%emt 0:01:46]} 35. a3 {[%emt 0:00:24]} b6 {[%emt 0:02:42]} 36. b3 {[%emt 0:02:31]} a6 {[%emt 0:00:25]} 37. b4 {[%emt 0:00:40]} e5 {[%emt 0:02:26]} 38. Ke3 {[%emt 0:04:20]} a5 {[%emt 0:00:26]} 39. b5 {[%emt 0:00:30]} a4 {[%emt 0:00:11]} 40. Kf3 {[%emt 0:00:13]} Ke6 {[%emt 0:00:02]} 41. Ke3 {[%emt 0:01:32]} exf4+ {[%emt 0:00:03]} 42. Kxf4 {[%emt 0:00:09]} Kf6 {[%emt 0:00:03]} 43. Kf3 {[%emt 0:00:11]} Ke5 {[%emt 0:00:02]} 44. Ke3 {[%emt 0:00:11]} f4+ {[%emt 0:00:03] Kd4+} 0-1

[Event "2nd Kalyan Dombivali 2019"]
[Site "Kalyan"]
[Date "2019.02.02"]
[Round "9"]
[White "Kulkarni, Vikramaditya"]
[Black "Saurabh Anand"]
[Result "1/2-1/2"]
[WhiteElo "2345"]
[BlackElo "2210"]
[Annotator "TA"]
[PlyCount "183"]
[EventDate "2019.01.28"]
[EventType "swiss"]
[EventRounds "10"]
[EventCountry "IND"]
[SourceTitle "playchess.com"]
[Source "ChessBase"]
[SourceQuality "1"]

{[%evp 15,183,0,19,18,15,31,25,26,24,41,96,87,133,67,64,81,195,185,182,127,133,69,76,58,125,125,113,123,135,117,147,128,139,79,93,77,153,147,139,65,62,10,691,691,648,680,672,587,566,583,572,589,559,552,576,583,587,0,383,0,594,589,587,553,502,0,495,498,496,495,726,718,718,685,633,621,593,463,463,372,586,0,463,372,421,414,406,0,556,498,938,751,638,0,963,952,1103,872,29981,29981,29980,837,1154,1128,1095,1068,5089,746,739,735,696,696,694,681,674,656,630,470,457,0,460,452,458,458,433,435,476,447,417,432,427,407,608,607,477,461,470,303,298,286,267,0,0,0,0,0,0,0,0,0,0,0,0,0,0,0,0,0,0,-204,0,0,0,0,0,0,0,0,0,0]} 1. c4 ({Predecessor:} 1. d4 d5 2. c4 e6 {1-0 (35) Peralta,F (2591)-Barsov,A (2514) Catalunya 2012}) 1... e6 2. Nc3 d5 3. d4 Be7 4. cxd5 exd5 5. Bf4 c6 6. e3 Bf5 7. g4 Be6 8. h4 Nd7 9. g5 {D31: Queen's Gambit Declined: Semi-Slav without ...Nf6 (+ Marshall Gambit and Noteboom) and Exchange Variation lines without ...Nf6} h6 {[%cal Rh6g5]} 10. g6 fxg6 11. Bd3 {White has an edge.} Nf8 12. Qc2 $146 (12. Nf3 Bg4 13. Rg1 Nf6 14. Rg3 g5 15. hxg5 hxg5 16. Bxg5 Rh1+ {½-½ (45) So,W (2822)-Akobian,V (2645) Saint Louis 2017}) 12... Qb6 (12... Bxh4 $14 13. Bxg6+ Nxg6 14. Qxg6+ {[%mdl 64] Double Attack} Bf7 15. Qxg7 Bf6) ({Predecessor:} 12... Bf6 13. O-O-O Ne7 14. Nge2 Bf5 15. e4 dxe4 16. Nxe4 Bxe4 17. Bxe4 {1-0 (35) Peralta,F (2591)-Barsov,A (2514) Catalunya 2012}) 13. Nf3 $16 {[%mdl 1024] White has strong compensation.} Bf6 14. Ne5 (14. Bxg6+ $6 Nxg6 15. Qxg6+ Bf7 $11) (14. O-O-O $1 $16) 14... Ne7 15. O-O-O O-O-O (15... Bf5 $16) 16. Na4 $18 Qa5 17. a3 $36 {[%mdl 2048] White is on the roll.} (17. Nc5 $18) 17... Bf5 $16 18. Nf7 (18. Bxf5+ $1 $16 gxf5 19. Nf7) 18... Ne6 19. Bd6 (19. Nxd8 Bxd3 20. Rxd3 (20. Qxd3 Nxf4 21. exf4 Rxd8 $11) 20... Nxf4 $14) 19... Rhf8 (19... Bxd3 $1 $14 20. Rxd3 Nf5) 20. b4 Bxd3 21. Rxd3 (21. bxa5 $2 {is the wrong capture.} Bxc2 22. Nxd8 Rxd8 $19) 21... Qa6 22. Nxd8 Rxd8 23. Bxe7 $1 Bxe7 24. Rc3 (24. Nb2 $142) 24... g5 25. Qf5 Qxa4 (25... Kd7 $142 26. Nc5+ Bxc5) 26. Qxe6+ {[%mdl 64] Double Attack} Rd7 27. Kb2 (27. Kd2 $1 $16) 27... gxh4 $14 28. Rg1 (28. Qg8+ $14 Kc7 29. Qxg7) 28... Bf6 $2 {[%mdl 8192]} (28... a5 $11) 29. Rc5 $18 Qa6 30. b5 Qb6 31. Rgc1 Kc7 {[#] If Black can now play ...Rd6 this consolidates a bit.} 32. Rxc6+ $1 {[%mdl 576] Demolition} bxc6 33. Rxc6+ Qxc6 34. Qxc6+ {[%mdl 4096] Endgame KQ-KRB} ({Less strong is} 34. bxc6 Rd6 $18) 34... Kd8 35. Qe6 Kc7 36. Qc6+ Kd8 37. Qe6 (37. Qc2 $142) 37... Kc7 $1 38. a4 Rd6 39. Qf7+ Rd7 40. Qe6 Rd6 41. Qe8 Bd8 42. Kb3 g5 (42... a5 $142 43. Qf7+ Rd7) 43. Qf7+ Rd7 44. Qg6 Rd6 45. Qg7+ Kb8 46. Qe5 Bc7 47. Qf5 Bd8 (47... a5 $142 48. f4 Rd8 49. fxg5 hxg5 50. Qxg5 h3) 48. Qe5 Bc7 49. Qe7 Rd8 50. Qe6 Rd6 51. Qf5 Bd8 $1 52. Kb4 Kb7 (52... a6 $142 53. bxa6 Rxa6 54. Qxd5 Bc7) 53. Qf7+ Bc7 54. Qf5 $2 (54. a5 $18) 54... Rd8 $2 {[%mdl 8192]} (54... Bd8 $11 55. Qf7+ Bc7) 55. a5 Bd6+ 56. Ka4 Bc7 57. Qe6 Rd6 58. Qe8 (58. a6+ $142 Kb8 59. Qe8+ Bd8 60. Qf7 Bc7 61. b6 axb6 62. a7+ $1 {[%mdl 512]} Kb7 63. a8=Q+ $1 {[%mdl 576] Deflection} Kxa8 64. Qxc7) 58... Bd8 59. Qf8 Kc7 60. Qg7+ Kb8 61. b6 (61. a6 $142 Rb6 62. Qd7) 61... axb6 62. Qf8 Kc7 63. a6 b5+ 64. Kxb5 {Qg7+ would kill now.} Rb6+ 65. Ka5 {Hoping for Qxd8+!} Rf6 66. Qe8 Rd6 67. Qf8 $2 (67. Qf7+ $18 Kc8+ 68. Kb5 Rb6+ 69. Kc5 Rxa6 70. Kxd5) 67... Kc8+ $2 {[%mdl 8192]} (67... Rf6 $1 $11 {and Black stays safe.} 68. Qxd8+ {[%mdl 64] Promotion} Kxd8) 68. Kb5 Rb6+ 69. Kc5 {aiming for Qxd8+!} Rxa6 70. Kxd5 Rf6 71. Qc5+ Bc7 {[#] Threatens to win with ...Rf5+.} 72. Qe7 $1 {[%cal Re7f6]} Bd8 73. Qe4 Rxf2 (73... Kc7 $142 74. f3 Rd6+ 75. Ke5 Kd7 76. Qf5+ Kc6 77. Qc8+ Bc7) 74. Qe6+ Kc7 {If only Black now had time for ...Rf6....} 75. Qc6+ Kb8 76. Qxh6 g4 {[#]} 77. Qd6+ $1 Bc7 78. Qe6 $2 (78. Qg6 $18 g3 79. Kc6) 78... g3 $11 79. Qe8+ Kb7 80. Qb5+ Kc8 81. Qe8+ Kb7 82. Qb5+ Kc8 {( -> ...Rf5+)} 83. Ke6 g2 84. Qe8+ Kb7 85. Qb5+ Kc8 86. Qd7+ Kb8 87. Qg7 $2 (87. Qb5+ $11 {and White has nothing to worry.} Ka7 88. Qa4+ Kb6 89. Qb4+ Ka6 90. Qa4+ Ba5 91. Qc4+ Ka7 92. Qc5+ Kb7 93. Qd5+ Kb6 94. Qc5+ Kb7 95. Qd5+ Kb6 96. Qc5+ Ka6 97. Qc6+ Bb6 98. Qa4+ Ba5 99. Qc6+ Bb6 100. Qa4+ Ba5) 87... Bg3 $2 (87... h3 88. d5 $19) (87... Rc2 $19 {...h3 is the strong threat.} 88. d5 h3) 88. Qg8+ {The position is equal.} Kb7 89. Qh7+ Ka8 90. Qg8+ Kb7 (90... Ka7 $5 91. Qh7+ $8 Kb8 92. Qb1+ Kc8 $11) 91. Qh7+ Ka8 92. Qh8+ {Accuracy: White = 58%, Black = 47%.} 1/2-1/2

[Event "2nd Kalyan Dombivali 2019"]
[Site "Kalyan"]
[Date "2019.02.02"]
[Round "9"]
[White "Kathmale, Sameer"]
[Black "Kadam Om Manish"]
[Result "1/2-1/2"]
[WhiteElo "2312"]
[BlackElo "1944"]
[Annotator "TA"]
[PlyCount "83"]
[EventDate "2019.01.28"]
[EventType "swiss"]
[EventRounds "10"]
[EventCountry "IND"]
[SourceTitle "playchess.com"]
[Source "ChessBase"]
[SourceQuality "1"]

{[%evp 12,83,33,19,43,35,34,36,37,28,42,37,76,30,39,35,67,28,35,0,0,-8,85,90,97,86,90,52,52,51,75,0,96,95,100,74,134,115,145,113,122,102,210,27,35,35,65,5,19,0,177,92,95,102,81,79,464,106,89,56,77,0,0,0,0,0,0,0,0,0,0,0,0,-635]} 1. e4 c5 2. Nf3 d6 3. d4 cxd4 4. Nxd4 Nf6 5. Nc3 a6 6. h3 e6 7. g4 Be7 {B81: Sicilian Scheveningen: Keres Attack} 8. g5 Nfd7 9. h4 (9. Be3 b5 10. a3 Bb7 {1-0 (67) Wang,H (2730)-Yilmaz,M (2636) St Petersburg 2018}) 9... b5 $146 {White is slightly better.} ({Predecessor:} 9... Nc6 10. Be3 Qc7 11. Qd2 b5 12. a3 {1-0 (70) Puranik,A (2475)-Eggink,R (2345) Warsaw 2016}) 10. Be3 Bb7 11. a3 Qc7 (11... Nc6 12. Rg1 Nc5 13. f3 O-O 14. h5 d5 15. exd5 exd5 16. Nxc6 Bxc6 {1-0 (67) Wang,H (2730)-Yilmaz,M (2636) St Petersburg 2018}) 12. Qd2 Nc6 13. h5 ({Predecessor:} 13. Rg1 Nde5 14. Be2 Na5 15. Nb3 {1-0 (70) Puranik,A (2475)-Eggink,R (2345) Warsaw 2016}) 13... Nde5 {aiming for ...Nxd4.} 14. Rh3 Na5 15. f4 Nec4 16. Qc1 Nxa3 (16... h6 $11) 17. Rxa3 $16 {Hoping for Qa1.} b4 18. Rxa5 {[%mdl 64] Remove Defender} Qxa5 19. Nce2 Bxe4 20. Ng3 Bb7 21. g6 (21. Bd3 $16) 21... Bf6 (21... hxg6 $11 {remains equal.} 22. hxg6 Rh4) 22. gxf7+ $1 Kxf7 23. Bc4 d5 (23... Rhe8 $142) 24. Bd3 Qc7 25. f5 $36 {[%mdl 2048] White is really pushing.} exf5 26. Ngxf5 Rae8 (26... Rhe8 $16) 27. Kf1 $2 (27. Kd2 $1 $18) 27... Rhf8 $1 $11 28. Rg3 {[%mdl 1024] And now Bf4 would win. White has compensation.} Kg8 29. Kg2 (29. Bf4 $14 Qb6 30. Nf3) 29... Bc8 30. Bf4 Qd8 $2 (30... Qb6 $11 31. Nxg7 Bxg7) 31. Bh6 ({White should try} 31. Nxg7 $1 $18 Bxg7 32. h6) 31... Kh8 $16 32. Bxg7+ Bxg7 33. Rxg7 Bxf5 $4 {[%mdl 8192]} (33... Qf6 $16 {is more resistant.}) 34. Nxf5 $2 (34. Qh6 $1 $18 Re2+ 35. Nxe2) 34... Qf6 35. h6 {Qf4 is the strong threat.} Re5 {[#]} 36. Ng3 (36. Rg5 $1 $16) 36... Qf3+ $11 {The position is equal.} 37. Kh2 Rf4 38. Rxh7+ Kg8 39. Rg7+ Kh8 40. Rh7+ $1 ({Avoid the trap} 40. Qd2 $2 {[#]} Rh5+ $1 {[%mdl 512]} 41. Kg1 Rxh6 $19) 40... Kg8 41. Rg7+ Kh8 {( -> ...Rh5+!)} 42. Qd2 $2 {[%mdl 40960] Accuracy: White = 38%, Black = 46%. . An unexpected result.} (42. Rh7+ $11 Kg8) 1/2-1/2